000 00647nam a2200205Ia 4500
008 131103s9999 xx 000 0 und d
040 _aLoreto College
041 _aEnglish
082 _a551.8/BIL
_bLCLIB/12034
100 _aBillings, Marland P.
245 _aStructural Geology
_cMarland P. Billings
250 _a2nd edition
260 _aTokyo
_bPrentice - Hall
_c1961
300 _axiv, 514 p.
_b ill., plates, 381 fig.
_c 20 cm.
504 _aFirst printing (modern Asia edition), 1961,sixth printing, 1964
650 _aStructural Geology -
651 _aGeology - Structural geology -
850 _aLCLIB/551.8/BIL
942 _cBK
999 _c1562
_d52041